000 00818nam a2200265Ia 4500
003 OSt
005 20220918171219.0
006 a|||||r|||| 00| 0
007 ta
008 220917b |||||||| |||| 00| 0 eng d
020 _a9781412939096 (pbk)
_c5088.96
024 _a269,891
037 _b623, 18/02/2013, Kilaso Books
_cTextual
040 _aARTS
_cARTS
_beng
041 _2eng
_aeng
082 _aY13:4:5(Z), Q1
100 _aWacker Robbyn R
_934815
245 0 _aAging social policies
_b An international perspective
260 _aLos Angeles
_b Sage USA
_c2011
300 _ax,294p.
_ccm.
650 _aSOCIOLOGY
700 _a Roberto Karen A
_934816
942 _hY13:4:5(Z), Q1
_cTEXL
_2CC
999 _c138365
_d138365